Library Catalog

The Princess and the Pea / (Record no. 492724)

MARC details
000 -LEADER
fixed length control field 00892nam a22002297a 4500
003 - CONTROL NUMBER IDENTIFIER
control field OSt
005 - DATE AND TIME OF LATEST TRANSACTION
control field 20260512150525.0
008 - FIXED-LENGTH DATA ELEMENTS--GENERAL INFORMATION
fixed length control field 260224b |||||||| |||| 00| 0 eng d
020 ## - INTERNATIONAL STANDARD BOOK NUMBER
International Standard Book Number 9780718192570
040 ## - CATALOGING SOURCE
Original cataloging agency Kenya National Library Service
082 ## - DEWEY DECIMAL CLASSIFICATION NUMBER
Classification number 823.92 SOU
100 ## - MAIN ENTRY--PERSONAL NAME
Personal name Southgate, Vera,
Relator term author.
245 ## - TITLE STATEMENT
Title The Princess and the Pea /
Statement of responsibility, etc. retold by Vera Southgate ; with illustrations by Erica-Jane Waters.
300 ## - PHYSICAL DESCRIPTION
Extent 42 pages :
Other physical details colour illustrations ;
Dimensions 18 cm.
490 ## - SERIES STATEMENT
Series statement Ladybird Tales.
520 ## - SUMMARY, ETC.
Summary, etc. A beautifully illustrated retelling of the classic fairy tale *The Princess and the Pea* for young readers, part of the Ladybird Tales series.
650 ## - SUBJECT ADDED ENTRY--TOPICAL TERM
Topical term or geographic name entry element Fairy tales
Form subdivision Juvenile fiction.
700 ## - ADDED ENTRY--PERSONAL NAME
Personal name Waters, Erica-Jane,
Relator term illustrator.
942 ## - ADDED ENTRY ELEMENTS (KOHA)
Source of classification or shelving scheme Dewey Decimal Classification
Koha item type Books
Suppress in OPAC No
Holdings
Withdrawn status Source of classification or shelving scheme Damaged status Not for loan Collection Home library Current library Date acquired Source of acquisition Cost, normal purchase price Total checkouts Full call number Barcode Date last seen Price effective from Koha item type
  Dewey Decimal Classification     Junior Books Buru Buru Library Acquisition, Cataloguing, Classification and Distribution Development 05/12/2026 BAI 624.00   823.92 SOU B230562 05/12/2026 05/12/2026 Books

© 2025, Kenya National Library Service | Designed & Maintained by Uvumbuzi Center